000 00465nam a22001577a 4500
999 _c63974
_d63974
005 20181127134442.0
010 _aB-218916
020 _a8183820697
_c125.00
035 _aB-218901,B-218898, B-218895, B-218916, B-218917
037 _aDPL
_bENG
100 _aBelle, Eric
245 _aHelpline for stressed parents /
_cby Eric Belle
260 _aNew Delhi
_bLotus Press
_c2006
300 _avii, 184p.
_c18 cms.
942 _2ddc
_cEN
_h155.9042
_mBEL